Представление документа в формате MARC21

ПолеНазваниеЗначение
  Тип записи a
  Библиографический уровень m
001 Контрольный номер RU\infra-m\znanium\bibl\2218348
005 Дата корректировки 20260429142112.0
008 Кодируемые данные 250904s2025 RU g rus u
020 Индекс ISBN __
a ISBN 978-5-16-113942-4 (электр. издание)
040 Источник каталогиз. __
a Служба первич. каталог. Общество с ограниченной ответственностью «ЗНАНИУМ»
041 Код языка издания __
a Код языка текста rus
044 Код страны публикации __
a Код страны публикации RU
080 Индекс УДК __
a Индекс УДК 342.565(075.8)
084 Индекс другой классификации/Индекс ББК __
2 Источник индекса rubbk
a Индекс другой классификации/Индекс ББК 67.410я73
084 Индекс другой классификации/Индекс ББК __
2 Источник индекса okso
a Индекс другой классификации/Индекс ББК 38.05.02
084 Индекс другой классификации/Индекс ББК __
2 Источник индекса okso
a Индекс другой классификации/Индекс ББК 40.03.01
084 Индекс другой классификации/Индекс ББК __
2 Источник индекса okso
a Индекс другой классификации/Индекс ББК 40.05.02
084 Индекс другой классификации/Индекс ББК __
2 Источник индекса okso
a Индекс другой классификации/Индекс ББК 40.05.04
100 Автор __
a Автор Дерхо Д.С.
q Полное имя Дерхо Даниил Сергеевич
u Дополнение Сибирский юридический университет
245 Заглавие __
a Заглавие Арбитражный процесс России (общая часть)
b Продолж. заглавия Учебное пособие
c Ответственность Сибирский юридический университет; Арбитражный суд Западно-Сибирского округа
250 Сведения об издании __
a Основные сведения об издании 1
260 Выходные данные __
a Место издания Москва
b Издательство ООО "Научно-издательский центр ИНФРА-М"
c Дата издания 2025
300 Физическое описание __
a Объем 129 с.
520 Аннотация __
a Аннотация В учебном пособии раскрываются предмет метод система и принципы арбитражного процессуального права подробно анализируются структура и компетенция арбитражных судов стадии арбитражного процесса состав участников вопросы представительства доказывания обеспечения судебных расходов и процессуальных сроков. Особое внимание уделено источникам арбитражного процессуального права роли судебной практики. Включены контрольные вопросы практические задания списки нормативных актов и рекомендуемой литературы что способствует формированию у обучающихся целостного представления о механизмах функционирования арбитражного судопроизводства. Материал изложен с учетом актуальных правовых позиций и современных требований к юридическому образованию. Предназначено для студентов и преподавателей юридических вузов а также практикующих юристов специализирующихся на разрешении экономических споров.
521 Примеч. о цел. назн. __
a Примеч. о целев. назн. ВО - Специалитет
650 Тематические рубрики __
a Основная рубрика Право. Юридические науки
x Основная подрубрика Гражданский и арбитражный процесс
655 Указ. предметных рубрик (устаревшее) __
a Жанр/ форма (устаревшее) Учебное пособие
856 Электронный адрес документа 4_
a Имя сервера/домена znanium.ru
m Помощь ebs_support@infra-m.ru
n Местонахождение сервера НИЦ ИНФРА-М
u URL https://znanium.ru/catalog/document?id=469314
856 Электронный адрес документа 48
a Имя сервера/домена znanium.ru
d Путь /cover/2218
f Электронное имя 2218348.jpg
q Тип электронного формата image/jpeg
u URL https://znanium.ru/cover/2218/2218348.jpg
911 __
u 0030=https://znanium.ru/catalog/document?id=469314
911 __
u 712a=Арбитражный суд Западно-Сибирского округа